| 000 | 00722cam a22002651 4500 | ||
|---|---|---|---|
| 001 | 15259 | ||
| 003 | BD-RjUL | ||
| 005 | 20211208235800.0 | ||
| 008 | 140209s1950 nyna 001 0 eng | ||
| 035 | _a(BD-RjUL)15313 | ||
| 035 | _a(OCoLC)689428 | ||
| 040 |
_aDLC _cOClU _dBD-RjUL _beng |
||
| 041 | _aeng | ||
| 082 |
_a657.42 _bDEC 1950 _223 |
||
| 100 | 1 |
_aDevine, Carl Thomas _947433 |
|
| 245 | 1 | 0 |
_aCost accounting and analysis / _cCarl Thomas Devine |
| 260 |
_aNew York : _bMacmillan, _cc1950. |
||
| 300 |
_axv, 752 p. : _bill. ; _c22cm. |
||
| 504 | _aInclude index. | ||
| 650 | 0 |
_aAccounting _9230137 |
|
| 650 | 0 |
_aCost accounting _9230138 |
|
| 942 |
_2ddc _cBK |
||
| 999 |
_c15259 _d15259 |
||